000 01555nam a2200349 a 4500
001
003 DO-SdBNP
005 20220301085707.0
007 000039263
008 081212s2017 dr a 000 0 spa d
020 _z9789945005370
040 _aBPMSU
_bspa
_b
_cBPMSU
082 _a461
_bG216o 2017
_222
100 1 _aGarcía Molina, Bartolo
245 1 0 _aOrtografía inferencial y operativa /
_cBartolo García Molina ; prólogo Mírian Gutiérrez Pérez ;.
250 _a9a ed.
260 _aSanto Domingo :
_bSurco,
_c2017
300 _a287p. ;
_c23 cm.
500 _aIncluye datos biográficos del autor en la solapa de la cubierta
504 _aBibliografía : p. 265-267
505 0 _tPrólogo --
_tIntroducción --
_tOrígines de la faltas ortográficas --
_tLa acentuación --
_tUso de las mayúsculas --
_tInferencias sobre B-V --
_tInferencias sobre G --
_tInferencias sobre S-C-Z --
_tInferencias sobre LL-Y --
_tInferencias sobre la H --
_tInferencias sobre la X --
_tLos nombre propios --
_tOrtografía sintagmática (la concordancia) --
_tLos verbos irregulares --
_tOrtografía sintagmática (los signos de puntuación) --
_tTemas teóricos prácticos de ortografía --
_tAutoevaluación general --
_tBibliografía--
590 _6Inventariado, 2022/VM
650 4 _aEspañol
_xOrtografía
_xEnseñanza
700 1 _aGutiérrez Pérez, Mírian,
_eprólogo
910 _aVMateo V.
930 1 _l
_m
_8
_f
_p
_g
942 _2ddc
_cBK
945 _a
956 _a
_b
_c
_l
_h
956 _a
_b
_c
_l
_h
956 _a
_b
_c
_l
_h
999 _c7856
_d7856